000 00700nam a2200217Ia 4500
003 GCL
008 140319s9999 xx 000 0 ara d
040 _aGCL /
_cGCL
082 0 4 _aق
_b320.96206407
_bا خ
100 1 _aابراهيم دسوقى اباظه
245 1 0 _aالخطايا العشر من عبد الناصر الى السادات /
_cابراهيم دسوقى اباظه
260 _a[S.N] :
_bالزهراء للاعلام العربى ،
_c1988
300 _a210 ص
490 _a
650 0 4 _aالعصر الحديث
650 0 4 _aمصر
650 0 4 _aتاريخ
650 0 4 _aالاحوال السياسية
650 0 4 _aجمال عبدالناصر
942 _2ddc
_cBK
999 _c32584
_d32584